Marketing wellness hotela Kontakt diplomová práca

Enregistré dans:
Détails bibliographiques
Auteur principal: Turkovičová, Diana
Collectivité auteur: Obchodná fakulta EU. Katedra služieb a cestovného ruchu - zrušené
Autres auteurs: Benešová, Dana, 1958-
Format: Livre
Langue:slovaque
Publié: Bratislava 2009
Tags: Ajouter un tag
Pas de tags, Soyez le premier à ajouter un tag!

MARC

LEADER 00000nam$a2200000$$$4500
001 0099472
005 20240318140205.9
041 0 |a slo 
044 |a SK 
245 1 0 |a Marketing wellness hotela Kontakt  |b diplomová práca  |c Diana Turkovičová ; škol. Dana Benešová 
264 1 |a Bratislava  |c 2009 
300 |a 96 s. 
100 1 |a Turkovičová, Diana 
700 1 |a Benešová, Dana, 1958- 
710 2 |a Obchodná fakulta EU. Katedra služieb a cestovného ruchu - zrušené